000 00586 a2200193 4500
005 20241128163637.0
010 _aB-761284
020 _a9789364686846
_c570.00
035 _aB-761284
037 _bGift/28.11.24
082 _a574
100 _aAggarwal, Sarita
_974309
245 _aS. Chand's ICSE Biology;
_bAsper 2027 Syllabus for Class IX Book 1/
_cSarita Aggarwal
260 _aU.P.
_bS. Chand's
_c2025
270 _aU. P.
300 _a282 p.
_c25cm (Pb)
942 _adpl
_cCH
_2ddc
_h574
_mAGG
999 _c207132
_d207132